01413nab a22002417a 4500999001500000003000400015005001700019008004100036040000700077100003200084245022500116260007300341300001800414500008400432505027600516505008900792650003300881650003000914650003900944650003500983773014001018942001301158 c5261d5261OSt20250209211620.0190603e xxum|||| |||| 00| 0 spa d cPJ 96314aOvejero Silva, Bruno 13aLos aspectos problemáticos del método de diálogo o armonización de las fuentes del derecho privado. Un análisis crítico a partir del anteproyecto de Código de Defensa del Consumidor / cBruno Ovejero Silva. cCiudad Autónoma de Buenos Aires :aThomson Reuters La Ley, b2025. ap. 313 - 326. aCita Online: TR LALEY AR/DOC/35/2025. Publicado en: RCCyC 2025 (febrero) , 313. aSumario: I. Introducción.— II. Del diálogo de fuentes a la armonización.— III. El objeto del diálogo: las fuentes.— IV. La finalidad del diálogo: la solución de antinomias.— V. El diálogo como propuesta metodológica.— VI. A modo de conclusión. t¿Te interesa el texto completo? Solicitalo al correo: koha@justierradelfuego.gov.ar 092597aDEFENSA DEL CONSUMIDOR 092630aFUENTES DEL DERECHO 09755aCONTROL DE CONSTITUCIONALIDAD 093533aINTERPRETACION DE LA LEY0 0271393170dCiudad Autónoma de Buenos Aires : Thomson Reuters La Ley, 2015-tRevista Código Civil y Comercial. Nº 1 - Febrero 2025 2udccANA